Fr. Conceicao Rodrigues College of Engineering

Strength Of Materials (Record no. 33259)

MARC details
000 -LEADER
fixed length control field 00307nam a2200145Ia 4500
082 ## - DEWEY DECIMAL CLASSIFICATION NUMBER
Classification number 620.112
Item number PRA
100 ## - MAIN ENTRY--PERSONAL NAME
Personal name Prasad/ Jainti/ Shukla/M.C.
250 ## - EDITION STATEMENT
Edition statement 2
245 ## - TITLE STATEMENT
Title Strength Of Materials
260 ## - PUBLICATION, DISTRIBUTION, ETC.
Name of publisher, distributor, etc. CBS
Place of publication, distribution, etc. Delhi
Date of publication, distribution, etc. 1983
300 ## - PHYSICAL DESCRIPTION
Extent 488
546 ## - LANGUAGE NOTE
Language note ENGLISH
654 ## - SUBJECT ADDED ENTRY--FACETED TOPICAL TERMS
Focus term materials
942 ## - ADDED ENTRY ELEMENTS (KOHA)
Koha item type BOOK
Holdings
Withdrawn status Lost status Damaged status Not for loan Collection Home library Current library Shelving location Date acquired Cost, normal purchase price Total Checkouts Full call number Barcode Date last seen Cost, replacement price Price effective from Koha item type
        CRC Fr. Agnel's C.Rodrigues College of Engineering Fr. Agnel's C.Rodrigues College of Engineering   17/03/2023 35.00   620.112 PRA 2491 17/03/2023 35.00 17/03/2023 BOOK